00690nam a22001937a 450000500170000001000150001702000270003203500140005903700130007308200120008610000340009824500730013226000320020527000580023730000200029594200260031599900190034195201360036020231023143732.0 aENG-138286 c1595.00a9788190995009 aEN-121818 bDBAD/PUB a704.948 aClaudine Bautze-Picron957993 aThe bejewelled Buddha from india to burma/ cClaudine Bautze-Picron aDelhibSanctum books c2010 bDelhia68 Medical Association Road Darya ganje110002 a326p.c25cm(hb) 2ddccENh704.948mCLA c198831d198831 001040708NFICaBNbBNd2023-10-23eDBAD/PUBg1595.00l0o704.948 CLApEN-121818r2023-10-23 00:00:00t1v1595.00w2023-10-23yEN